Asker gözü ile Mustafa Kemal şah Vahdettin mat (Record no. 10794)

MARC details
000 -BAŞLIK
Sabit Uzunlukta Kontrol Alanı 00836na a2200265 4500
001 - KONTROL NUMARASI
Denetim Alanı 14009
003 - KONTROL NUMARASI IDENTIFIER
Denetim Alanı MIRAKIL
005 - SON İŞLEM TARİHİ VE ZAMANI
Denetim Alanı 20181213155333.0
008 - SABİT-BOY VERİ ELEMANLARI - GENEL BİLGİLER
Sabit Uzunlukta Kontrol Alanı 180905b tu 000 0
020 ## - ULUSLARARASI STANDART KİTAP NUMARASI
Uluslararası Standart Kitap Numarası 9759807912
035 ## - SİSTEM KONTROL NUMARASI
Sistem Kontrol Numarası 14009
040 ## - KATALOGLAMA KAYNAK
Orijinal Kataloglama Ajansı Milas
Kataloglama Dili tur
Metne Dönüştürmek Ajansı TR-AnCHP
041 ## - DİL KODU
Metin / Ses Parça Veya Ayrı Başlığın Dil Kodu tur
082 ## - DEWEY ONLU SINIFLANDIRMA NUMARASI
Sınıflandırma Numarası ATA 956.1023
Ürün Numarası C25a 2006
090 ## - SINIFLAMA NUMARASI
Sınıflama Numarası ATA 956.1023 C25a 2006
100 ## - ANA GİRİŞ - KİŞİSEL İSİM
Kişisel Ad Canbazoğlu, Hicret Hürkan
245 ## - BAŞLIK TABLOSU
Başlık Asker gözü ile Mustafa Kemal şah Vahdettin mat
Sorumluluk Tablosu, Vb Hicret Hürkan Canbazoğlu ; derleyen Serhat Hürkan
260 ## - YAYIN, DAĞITIM, VB
Yayın, Dağıtım, Vb Yeri Ankara
Yayıncı, Dağıtıcı, Vs Adı [yayl.y.]
Yayın, Dağıtım, Vb Tarihi 2006
300 ## - FİZİKSEL TANIM
Kapsam viii, 86 s.
Boyutlar 20 sm.
600 ## - KONU KATMA GİRİŞ - KURUMSAL ADI
Kişisel Ad Atatürk, Mustafa Kemal
Bir Adıyla İlişkilendirilen Tarihler 1881-1938
Genel Alt Bölümü Yaşamöyküsü
600 ## - KONU KATMA GİRİŞ - KURUMSAL ADI
Kişisel Ad Atatürk, Mustafa Kemal
Bir Adıyla İlişkilendirilen Tarihler 1881-1938
Genel Alt Bölümü Osmanlı sarayı
650 ## - KONU KATMA GİRİŞ - TOPİKAL DÖNEM
Topikal Süreli Veya Coğrafi Ad Giriş Elemanı Tarih
Genel Alt Bölümü Anılar
Coğrafi Alt Bölümü Türkiye
651 ## - KONU KATMA GİRİŞ - COĞRAFİ ADI
Coğrafi İsim Türkiye
Genel Alt Bölümü Tarih
942 ## - EKLENDİ GİRİŞ ELEMANLARI (KOHA)
Sınıflandırma Veya Raf Düzeni Kaynak Dewey Decimal Classification
Koha Öğesi Türü Books
999 ## - SİSTEM KONTROL NUMARALARI (KOHA)
Koha Biblionumber 10794
Koha Biblioitemnumber 10794
Holdings
Kalıcı Konum Mevcut Konum Edinme Tarihi Edinim Kaynak Toplam Check-Out'Lar Tam Çağrı Numarası Barkod Tarih Son Görülme İtibaren Geçerli Fiyatlar Koha Öğesi Türü Kopya Sayısı
CHP Kütüphanesi CHP Kütüphanesi 08/23/2016 Bağış   ATA 956.1023 C25a 2006 001781 08/23/2016 08/23/2016 Books  
CHP Kütüphanesi CHP Kütüphanesi 08/31/2016 Bağış   ATA 956.1023 C25a 2006 002675 08/31/2016 08/31/2016 Books k.2
CHP Kütüphanesi CHP Kütüphanesi 09/05/2016 Bağış   ATA 956.1023 C25a 2006 004083 09/05/2016 09/05/2016 Books k.3
CHP Kütüphanesi CHP Kütüphanesi 09/05/2016 Bağış   ATA 956.1023 C25a 2006 004084 09/05/2016 09/05/2016 Books k.4